Movies by U.S. Cities - Click Quiz - Statistics

General Stats
  • This quiz has been taken 115 times
  • The average score is 9 of 20
Answer Stats
Hint Answer % Correct
The Hangover Las Vegas
89%
Rocky Philadelphia
72%
Good Will Hunting Boston
70%
American Psycho New York City
63%
Ferris Bueller's Day Off Chicago
62%
Pulp Fiction Los Angeles
60%
Ace Ventura: Pet Detective Miami
60%
RoboCop Detroit
55%
Twilight Forks
50%
Hairspray Baltimore
40%
Anchorman San Diego
40%
The Goonies Astoria
39%
A Streetcar Named Desire New Orleans
37%
The Karate Kid San Francisco
33%
Wayne's World Aurora
30%
The Mighty Ducks Minneapolis
29%
Dazed and Confused Austin
28%
The Help Jackson
27%
The Blind Side Memphis
26%
Baby Driver Atlanta
18%
No matching quizzes found
Score Distribution
Percent of People with Each Score
Percentile by Number Answered
Your Score History
You have not taken this quiz